Arxiu General de la Diputació de Barcelona
Descripción Física:
1 full ; il·lustració en blanc i negre ; 21 x 10 cm
Idioma:
Catalán
MARC
| LEADER | 00000nam a22000007a 4500 | ||
|---|---|---|---|
| 001 | 29312 | ||
| 003 | AGDB | ||
| 005 | 20260324181546.0 | ||
| 008 | 260203b spa||||| |||| 00| 0 cat d | ||
| 017 | |a B 20373-2025 | ||
| 040 | |a agdb |b cat | ||
| 245 | |a Arxiu General de la Diputació de Barcelona | ||
| 260 | |a Barcelona : |b Diputació de Barcelona, |c 2025 | ||
| 300 | |a 1 full ; |b il·lustració en blanc i negre ; |c 21 x 10 cm | ||
| 500 | |a Fulletó informatiu de les funcions de l'Arxiu General de la Diputació de Barcelona | ||
| 610 | 1 | 0 | |a Arxiu General de la Diputació de Barcelona |9 52704 |
| 710 | 1 | |a Barcelona (Catalunya : Província). |b Diputació |9 52408 | |
| 942 | |2 udc |c ARXIU |n 1 | ||
| 952 | |0 0 |1 0 |2 udc |4 0 |6 FU791 |7 1 |9 99060 |a Arxiu |b Arxiu |d 2026-02-03 |l 0 |o FU-79-1 |p 29312 |r 2026-02-03 12:30:25 |y ARXIU | ||
| 999 | |c 130714 |d 130714 | ||